|
|
|
|
| LEADER |
01101nam a22002417a 4500 |
| 001 |
38861 |
| 003 |
BD-DhAAL |
| 008 |
220707b xxu||||| |||| 00| 0 eng d |
| 999 |
|
|
|c 44549
|d 44549
|
| 020 |
|
|
|a 9844061008
|
| 040 |
|
|
|a BD-DhAAL
|c BD-DhAAL
|
| 041 |
|
|
|a ben
|
| 082 |
|
|
|a 891.441
|2 23
|
| 245 |
|
|
|a বড়্র চণ্ডীদাসের কাব্য /
|c সম্পাদনা মুহম্মদ আবদুল হাই ও আনোয়ার পাশা
|
| 246 |
|
|
|a Baru Chandidasher kabya
|
| 260 |
|
|
|a ঢাকা :
|b ষ্টুডেন্ট ওয়েজ,
|c ২০০০.
|
| 300 |
|
|
|a ৩৮০ পৃষ্ঠা ;
|c ২২ সে.মি.
|
| 541 |
|
|
|a Donated By Akbar Ali Khan
|e 38861
|
| 600 |
|
|
|a Krishna (Hindu deity)
|v Poetry.
|9 49900
|
| 600 |
|
|
|a Baṛu Caṇḍīdāsa.
|t Śrīkr̥shṇakīrttana.
|9 49901
|
| 852 |
|
|
|a Ayesha Abed Library
|c Akbar Ali Khan Collection
|
| 942 |
|
|
|2 ddc
|c BK
|
| 952 |
|
|
|0 0
|1 0
|2 ddc
|4 0
|6 891_441000000000000_BAR
|7 1
|9 71229
|a BRACUL
|b BRACUL
|c AAKC
|d 2022-07-07
|e Donated by Akbar Ali Khan
|l 0
|o 891.441 BAR
|p 3010038861
|r 2022-07-07
|t 1
|w 2022-07-07
|y BK
|